00445nam a2200169Ia 450000500170000000800410001704000190005804100120007708200140008910000180010324500610012126000240018230000170020665000180022370000230024185000110026420240323140544.0131103s9999 xx 000 0 und d aLoreto College aEnglish a170 bHEY aHeyer, Robert aDiscovery in AdvertisingcRobert Heyer, Richard J. Payne aN.Y.bPaulistc1969 a188p.b pic. aMoral Science aPayne, Richard J.  aLCBED